Reforma gospodarcza doswiadcenia i problemy

Guardado en:
Detalles Bibliográficos
Otros Autores: Sadownik, Henryk, Wawrzyniak, B.
Formato: Libro
Lenguaje:polaco
Publicado: Warszawa Wyd. Ekon. 1985
Etiquetas: Agregar Etiqueta
Sin Etiquetas, Sea el primero en etiquetar este registro!

MARC

LEADER 00000nam a2200000 4500
001 c105057
005 20250716094212.4
041 0 |a pol 
044 |a PL 
245 1 0 |a Reforma gospodarcza  |b doswiadcenia i problemy  |c Red. Henryk Sadownik, Bogdan Vawrzyniak 
264 1 |a Warszawa  |b Wyd. Ekon.  |c 1985 
300 |a 287 s. 
700 1 |a Sadownik, Henryk 
700 1 |a Wawrzyniak, B.